| 000 | 05767nam a2201717 a 4500 | ||
|---|---|---|---|
| 003 | PE-LiUPU | ||
| 005 | 20250813170024.0 | ||
| 008 | 241203b |||||||| |||| 00| 0 spa d | ||
| 020 | _a9788436838220 | ||
| 040 |
_aDLC _cPE-LiUPU _bspa _dPE-LiUPU _erda |
||
| 082 |
_223 _a657.45 _bS211t |
||
| 100 | 2 |
_aSánchez Fernández de Valderrama, José L. _q(José Luis) _eautor. |
|
| 245 | 1 | 0 |
_aTeoría y práctica de la auditoría / _cJosé Luis Sánchez Férnandez de Valderrama. |
| 250 | _aSéptima edición. | ||
| 264 |
_aMadrid : _bEdiciones Pirámide, _c2019. |
||
| 300 |
_a2 volúmenes ; _c24 centímetros. |
||
| 440 | 0 | _aEconomía y empresa | |
| 490 | 0 | _a(Economía y empresa) | |
| 505 | 0 |
_tVolumen 1: Concepto y metodología -- _aConcepto e historia de la auditoría -- Fuente de las normas, de los principios contables y de la auditoría -- El proceso de normalización y honigeneización contable en España -- La situación de la auditoría en España -- Metodología e la auditoría. Las normas de auditoría generalmente aceptadas: normas personales -- Metodología de la auditoría. Las normas de la auditoría generalmente aceptadas: la organización del trabajo de auditoría -- Metodología de la auditoría. Las normas de auditoría generalmente aceptadas: la planificación, los objetivos y el programa de auditoría -- Metodología de la auditoría. Las normas de auditoría generalmente aceptadas: Análisis y evaluación del control interno -- Metodología de la auditoría. Las normas de auditoría generalmente aceptadas: procedimientos -- Metodología de la auditoría. Las normas de auditoría generalmente aceptadas: la evidencia en auditoría -- Metodología de la auditoría. Las normas de auditoría generalmente aceptadas: documentación y archivo del trabajo de auditoría -- Metodología de la auditoría. Las normas de auditoría generalmente aceptadas: las normas relativas al informe de auditoría -- El muestreo estadístico en la auditoría -- La auditoría analítica -- Auditoría e informática: Cats y evaluación del control interno en sistemas informatizados. |
|
| 505 | 0 |
_tVolumen 2: Análisis de áreas y casos prácticos --
_aÁrea de las inmovilizaciones materiales, inversiones inmobiliarias en curso e inmobilizados materiales mantenidos para la venta -- Área del inmobilizado intangible y área de arrendamiento financiero -- Inversiones financieras --Área de existencias -- Derechos de cobro por operaciones comerciales, prestaciones de servicios y ventas, otras cuentas a cobrar y ajustes por periodificación -- Área de tesorería, otros activos líquidos y moneda extranjera -- Área de pasivo -- Área de provisiones y otras contingencias y hechos posteriores -- Área de patrimonio neto -- Área de impuestos -- Área de combinaciones de negocios. Negocios conjuntos. Cambio en criterios contables, errores y estimaciones contables -- Supuestos prácticos sobre muestreo estadístico e informes de auditoría. |
|
| 526 | _aP203 | ||
| 526 | _aP200 | ||
| 526 | _aSEG65 | ||
| 526 | _aSEG64 | ||
| 526 | _aSEG63 | ||
| 526 | _aSEG62 | ||
| 526 | _aSEG61 | ||
| 526 | _aSEG60 | ||
| 526 | _aSEG59 | ||
| 526 | _aSEG58 | ||
| 526 | _aSEG57 | ||
| 526 | _aSEG56 | ||
| 526 | _aSEG55 | ||
| 526 | _aSEG54 | ||
| 526 | _aSEG53 | ||
| 526 | _aSEG52 | ||
| 526 | _aSEG51 | ||
| 526 | _aSEG50 | ||
| 526 | _aSEG49 | ||
| 526 | _aSEG48 | ||
| 526 | _aSEG47 | ||
| 526 | _aSEG46 | ||
| 526 | _aSEG24 | ||
| 526 | _aSEG23 | ||
| 526 | _aSEG22 | ||
| 526 | _aSEG21 | ||
| 526 | _aSEG20 | ||
| 526 | _aSEG19 | ||
| 526 | _aSEG18 | ||
| 526 | _aSEG17 | ||
| 526 | _aSEG16 | ||
| 526 | _aSEG14 | ||
| 526 | _aSEG13 | ||
| 526 | _aSEG12 | ||
| 526 | _aSEG11 | ||
| 526 | _aSEG10 | ||
| 526 | _aSEG09 | ||
| 526 | _aSEG06 | ||
| 526 | _aSEG05 | ||
| 526 | _aSEG04 | ||
| 526 | _aSEG03 | ||
| 526 | _aSEG02 | ||
| 526 | _aSEG68 | ||
| 526 | _aSEG66 | ||
| 526 | _aSEG45 | ||
| 526 | _aSEG25 | ||
| 526 | _aSEG01 | ||
| 526 | _aP163 | ||
| 526 | _aP162 | ||
| 526 | _aP161 | ||
| 526 | _aP160 | ||
| 526 | _aP159 | ||
| 526 | _aP158 | ||
| 526 | _aP157 | ||
| 526 | _aP156 | ||
| 526 | _aP155 | ||
| 526 | _aP154 | ||
| 526 | _aP153 | ||
| 526 | _aP152 | ||
| 526 | _aP151 | ||
| 526 | _aP150 | ||
| 526 | _aP149 | ||
| 526 | _aP142 | ||
| 526 | _aP141 | ||
| 526 | _aP140 | ||
| 526 | _aP139 | ||
| 526 | _aP138 | ||
| 526 | _aP137 | ||
| 526 | _aP132 | ||
| 526 | _aP131 | ||
| 526 | _aP130 | ||
| 526 | _aP126 | ||
| 526 | _aP125 | ||
| 526 | _aP124 | ||
| 526 | _aP123 | ||
| 526 | _aP115 | ||
| 526 | _aP122 | ||
| 526 | _aP121 | ||
| 526 | _aP116 | ||
| 526 | _a P114 | ||
| 526 | _aP112 | ||
| 526 | _aP111 | ||
| 526 | _aP104 | ||
| 526 | _aP103 | ||
| 526 | _aP102 | ||
| 526 | _aP101 | ||
| 526 | _aP100 | ||
| 526 | _aP96 | ||
| 526 | _aP95 | ||
| 526 | _aP93 | ||
| 526 | _aP92 | ||
| 526 | _aP91 | ||
| 526 | _aP88 | ||
| 526 | _aP83 | ||
| 526 | _aP82 | ||
| 526 | _aP79 | ||
| 526 | _aP78 | ||
| 526 | _aP75 | ||
| 526 | _aP74 | ||
| 526 | _aP71 | ||
| 526 | _aP69 | ||
| 526 | _a P51 | ||
| 526 | _aP49 | ||
| 526 | _aP48 | ||
| 526 | _aP47 | ||
| 526 | _aP33 | ||
| 526 | _aP31 | ||
| 526 | _a P30 | ||
| 526 | _aP29 | ||
| 526 | _aP27 | ||
| 526 | _aP26 | ||
| 526 | _aP25 | ||
| 526 | _aP24 | ||
| 526 | _a P22 | ||
| 526 | _aP10 | ||
| 526 | _aP09 | ||
| 526 | _a P08 | ||
| 526 | _aP06 | ||
| 526 | _aP05 | ||
| 526 | _aP04 | ||
| 526 | _aP01 | ||
| 650 | 1 | 4 |
_aAuditoría _xMetodología. _94709 |
| 700 |
_aAlvarado Riquelme, María, _eautora. _94710 |
||
| 942 |
_2ddc _cBK _n0 |
||
| 980 |
_618226 _aJaime Vilcazán Jefe de Análisis Documental _81 _gALBERTO SANCHEZ Responsable de Automatización |
||
| 999 |
_c62709 _d62708 |
||